00452 a2200169 450000100060000002000270000604000240003310000170005724000180007424500130009230000090010536200090011465000310012394200070015495201040016199900170026547237 a9788574063591 (broch.) cAnchieta - Aquarius aFisher, Jeff10aCabelos lpor10aCabelos  a28p.0 a2009 4aLiteratura infanto-juvenil cBK 00104070a87.1b87.1d2023-11-21l0o028.5 FIS CABp5755/AQUr2023-11-21 15:14:03w2023-11-21yBK c47237d47237